Statystyki dla Największe aglomeracje we Włoszech

Kliknij tutaj aby rozwiązać quiz!

Ogólne statystyki

  • Ten quiz został rozwiązany 157 razy
  • Średni wynik to 12 z 20

Statystyki odpowiedzi

MiejsceMieszkańcyNazwa% Poprawnych
2.4 345 000Aglomeracja Rzymska
100%
1.5 300 000Aglomeracja Mediolańska
98%
4.1 640 000Aglomeracja Turyńska
97%
3.3 520 000Aglomeracja Neapolitańska
95%
11.852 272Aglomeracja Wenecka
90%
5.1 310 000Aglomeracja Palermska
88%
10.1 010 000Aglomeracja Florencka
83%
6.1 280 000Aglomeracja Bari
79%
9.1 040 000Aglomeracja Bolońska
73%
8.1 050 000Aglomeracja Genueńska
73%
17.471 000Aglomeracja Werońska
61%
7.1 115 000Aglomeracja Katańska
52%
18.430 000Aglomeracja Cagliari
47%
14.535 000Aglomeracja Padewska
41%
12.627 251Aglomeracja Mesyńska
30%
13.542 000Aglomeracja Bresciańska
23%
16.486 000Aglomeracja Lecce
20%
15.520 000Aglomeracja Salerneńska
18%
20.345 000Aglomeracja Tarencka
16%
19.385 000Aglomeracja Caserta
2%

Rozkład punktacji

Percentyl według liczby udzielonych odpowiedzi

Procent ludzi z każdym wynikiem

Twoja historia wyników

Nie rozwiązałeś tego quizu